| 000 | 00385nam a22001697a 4500 | ||
|---|---|---|---|
| 005 | 20260408111801.0 | ||
| 008 | 160613b xxu||||| |||| 00| 0 eng d | ||
| 020 | _a9780140-437911 | ||
| 041 | _aeng | ||
| 082 | _a822.33 | ||
| 100 |
_aShaw, Bernard _91770 |
||
| 245 | _aSaint Joan | ||
| 260 |
_bPenguin Classic _c1924 |
||
| 300 | _a164 | ||
| 650 |
_aEnglish drama _98926 |
||
| 942 | _cBK | ||
| 999 |
_c2489 _d2488 |
||